[Event "Monarch Assurance Isle of Man 10th"]
[Site "Port Erin IOM"]
[Date "2001.10.05"]
[Round "7.17"]
[White "Spence, David J"]
[Black "Goodger, Martyn"]
[Result "1/2-1/2"]
[WhiteElo "2185"]
[BlackElo "2136"]
[PlyCount "20"]
[EventDate "2001.09.29"]
[EventType "swiss"]
[EventRounds "9"]
[EventCountry "IOM"]
[SourceTitle "BritBase"]
[SourceDate "2008.07.14"]
[SourceVersion "1"]
[SourceVersionDate "2008.07.14"]
[SourceQuality "2"]

1. e4 e5 2. Nf3 Nf6 3. Nxe5 d6 4. Nf3 Nxe4 5. d4 d5 6. Bd3 Nc6 7. h3 Be7 8. O-O
O-O 9. a3 Bf5 10. Be3 Bg6 1/2-1/2

[Event "Monarch Assurance Isle of Man 10th"]
[Site "Port Erin IOM"]
[Date "2001.10.05"]
[Round "7.18"]
[White "Williams, Simon K"]
[Black "Bousbouras, Spyridon"]
[Result "1-0"]
[WhiteElo "2369"]
[BlackElo "2102"]
[PlyCount "103"]
[EventDate "2001.09.29"]
[EventType "swiss"]
[EventRounds "9"]
[EventCountry "IOM"]
[SourceTitle "BritBase"]
[SourceDate "2008.07.14"]
[SourceVersion "1"]
[SourceVersionDate "2008.07.14"]
[SourceQuality "2"]

1. c4 e6 2. Nc3 b6 3. e4 c5 4. g3 Bb7 5. Bg2 d6 6. Nge2 Nf6 7. O-O Be7 8. e5
Bxg2 9. exf6 Bxf1 10. fxe7 Qxe7 11. Qxf1 Nd7 12. d4 O-O 13. b3 Nf6 14. Bb2 Ne8
15. Re1 Nc7 16. dxc5 dxc5 17. Nf4 Rad8 18. Qe2 f6 19. Ncd5 Nxd5 20. Nxd5 Qf7
21. Qxe6 Rfe8 22. Qxf7+ Kxf7 23. Rxe8 Rxe8 24. Kf1 Rd8 25. Ke2 Ke6 26. h4 Kd6
27. h5 h6 28. Ne3 Rd7 29. f4 a6 30. g4 Ke6 31. Nd5 b5 32. Kd3 Rf7 33. Bc1 Kd6
34. Be3 Kc6 35. a4 bxa4 36. bxa4 Rb7 37. Kc2 Rf7 38. a5 Kd6 39. Kd3 Rb7 40. Nb6
Rf7 41. Ke4 Re7+ 42. Kd3 Rf7 43. Na4 f5 44. Bxc5+ Kc6 45. g5 hxg5 46. fxg5 Rd7+
47. Bd4 Rd8 48. h6 gxh6 49. gxh6 Rd7 50. Nc3 f4 51. Ne4 f3 52. Ke3 1-0

[Event "Monarch Assurance Isle of Man 10th"]
[Site "Port Erin IOM"]
[Date "2001.10.05"]
[Round "7.19"]
[White "Marusenko, Petr"]
[Black "Lutton, J Ezra"]
[Result "1/2-1/2"]
[WhiteElo "2362"]
[BlackElo "2093"]
[PlyCount "121"]
[EventDate "2001.09.29"]
[EventType "swiss"]
[EventRounds "9"]
[EventCountry "IOM"]
[SourceTitle "BritBase"]
[SourceDate "2008.07.14"]
[SourceVersion "1"]
[SourceVersionDate "2008.07.14"]
[SourceQuality "2"]

1. e4 c5 2. Nf3 Nc6 3. Bb5 g6 4. Bxc6 dxc6 5. h3 e5 6. d3 Bg7 7. Be3 Qe7 8.
Nbd2 Nf6 9. Nc4 Nd7 10. Qd2 f6 11. O-O Nf8 12. Qa5 Ne6 13. a3 Nd4 14. Nxd4 cxd4
15. Bd2 Qd8 16. Qxd8+ Kxd8 17. f4 Bh6 18. fxe5 Bxd2 19. Nxd2 fxe5 20. Nc4 Re8
21. Rf7 Re7 22. Raf1 Bd7 23. Rxe7 Kxe7 24. Nxe5 Be6 25. Kf2 c5 26. Ke2 Rd8 27.
Rb1 Rd6 28. b4 Rb6 29. Nc4 Bxc4 30. dxc4 a5 31. Kd3 Ke6 32. Rb3 a4 33. Rb2 Ke5
34. c3 dxc3 35. Kxc3 Kxe4 36. Re2+ Kf5 37. Re7 h5 38. bxc5 Rb3+ 39. Kd4 h4 40.
Rf7+ Ke6 41. Rg7 Kf5 42. Rf7+ Ke6 43. Rf3 Rb2 44. g4 hxg3 45. Rxg3 Kf5 46. Rf3+
Ke6 47. Ke4 Re2+ 48. Kd4 Rb2 49. Re3+ Kf5 50. Re7 Rb1 51. Rh7 Rb2 52. c6 bxc6
53. Kc5 Rb3 54. Kxc6 Rxa3 55. c5 Rc3 56. Ra7 a3 57. h4 Ke6 58. Ra4 Ke5 59. Ra5
Ke6 60. Kb6 Kd5 61. c6+ 1/2-1/2

[Event "Monarch Assurance Isle of Man 10th"]
[Site "Port Erin IOM"]
[Date "2001.10.05"]
[Round "7.20"]
[White "Coathup, Roger"]
[Black "Allen, Keith"]
[Result "1-0"]
[WhiteElo "2130"]
[BlackElo "2289"]
[PlyCount "39"]
[EventDate "2001.09.29"]
[EventType "swiss"]
[EventRounds "9"]
[EventCountry "IOM"]
[SourceTitle "BritBase"]
[SourceDate "2008.07.14"]
[SourceVersion "1"]
[SourceVersionDate "2008.07.14"]
[SourceQuality "2"]

1. d4 f5 2. e4 fxe4 3. Nc3 g6 4. f3 exf3 5. Nxf3 Nf6 6. Bg5 d5 7. Bd3 Bg7 8.
O-O Bg4 9. Qe1 Bxf3 10. Rxf3 Kf7 11. Qh4 Qd6 12. Re1 Nbd7 13. Bf4 Qb4 14. Bxc7
e6 15. Qf4 Qxb2 16. Qd6 Rhe8 17. Bb5 Nf8 18. Bxe8+ Rxe8 19. Bd8 h6 20. Qc7+ 1-0

[Event "Monarch Assurance Isle of Man 10th"]
[Site "Port Erin IOM"]
[Date "2001.10.05"]
[Round "7.21"]
[White "Willmoth, Robert"]
[Black "Yurenok, Maria"]
[Result "1-0"]
[WhiteElo "2239"]
[BlackElo "2088"]
[PlyCount "103"]
[EventDate "2001.09.29"]
[EventType "swiss"]
[EventRounds "9"]
[EventCountry "IOM"]
[SourceTitle "BritBase"]
[SourceDate "2008.07.14"]
[SourceVersion "1"]
[SourceVersionDate "2008.07.14"]
[SourceQuality "2"]

1. e4 c5 2. Nf3 e6 3. d4 cxd4 4. Nxd4 Nc6 5. Nb3 a6 6. Nc3 b5 7. Bd3 Bb7 8. O-O
b4 9. Ne2 Nf6 10. f4 Be7 11. c4 bxc3 12. Nxc3 O-O 13. Be3 d5 14. e5 Nd7 15. Ne2
g6 16. Ned4 Nxd4 17. Nxd4 Nc5 18. Bc2 Rc8 19. Rf3 Ne4 20. g4 Bc5 21. g5 Bxd4
22. Bxd4 h5 23. b4 Qc7 24. Bd3 Qb8 25. a4 Rfd8 26. Be2 Rc4 27. Rb3 Qc8 28. Rab1
Nc3 29. Bxc3 Rxc3 30. Rxc3 Qxc3 31. Qd3 Qxd3 32. Bxd3 Rc8 33. b5 axb5 34. axb5
Kf8 35. Ra1 Ke8 36. Ra7 Rb8 37. Kf2 Kd7 38. Ke3 Kc7 39. Kd4 Kb6 40. Ra1 Rc8 41.
Rg1 Rc7 42. f5 exf5 43. e6 Re7 44. exf7 Rxf7 45. Re1 Bc8 46. Re8 Bd7 47. Rg8
Kc7 48. Rxg6 f4 49. Rf6 Rg7 50. h4 Be8 51. Kxd5 Bf7+ 52. Kc5 1-0

[Event "Monarch Assurance Isle of Man 10th"]
[Site "Port Erin IOM"]
[Date "2001.10.05"]
[Round "7.22"]
[White "Jackson, Adrian"]
[Black "McNally, Bruce"]
[Result "1/2-1/2"]
[WhiteElo "2230"]
[BlackElo "2010"]
[PlyCount "40"]
[EventDate "2001.09.29"]
[EventType "swiss"]
[EventRounds "9"]
[EventCountry "IOM"]
[SourceTitle "BritBase"]
[SourceDate "2008.07.14"]
[SourceVersion "1"]
[SourceVersionDate "2008.07.14"]
[SourceQuality "2"]

1. e4 Nc6 2. d4 d5 3. Nc3 a6 4. e5 Bf5 5. g4 Bg6 6. a3 e6 7. Nge2 f6 8. Nf4 Qd7
9. Nxg6 hxg6 10. f4 f5 11. Be3 Nh6 12. g5 Ng8 13. h4 Nge7 14. Qf3 Nc8 15. O-O-O
Nb6 16. h5 Rxh5 17. Rxh5 gxh5 18. Qxh5+ Qf7 19. Qh2 Na5 20. Kb1 Nbc4 1/2-1/2

[Event "Monarch Assurance Isle of Man 10th"]
[Site "Port Erin IOM"]
[Date "2001.10.05"]
[Round "7.23"]
[White "Howell, David W"]
[Black "Van Kemenade, Rudy"]
[Result "1-0"]
[WhiteElo "2193"]
[BlackElo "1992"]
[PlyCount "47"]
[EventDate "2001.09.29"]
[EventType "swiss"]
[EventRounds "9"]
[EventCountry "IOM"]
[SourceTitle "BritBase"]
[SourceDate "2008.07.14"]
[SourceVersion "1"]
[SourceVersionDate "2008.07.14"]
[SourceQuality "2"]

1. e4 e5 2. Nf3 Nf6 3. Nxe5 d6 4. Nf3 Nxe4 5. d4 d5 6. Bd3 Nc6 7. O-O Bg4 8. c4
Nf6 9. Nc3 Bxf3 10. Qxf3 Nxd4 11. Qh3 dxc4 12. Bxc4 Be7 13. Bg5 Qc8 14. Qd3 c5
15. Rfe1 Ne6 16. Bxf6 Bxf6 17. Qf5 Kf8 18. Bxe6 fxe6 19. Rxe6 Kf7 20. Rae1 h5
21. Nd5 Rh6 22. Nxf6 gxf6 23. Re7+ Kf8 24. Qd5 1-0

[Event "Monarch Assurance Isle of Man 10th"]
[Site "Port Erin IOM"]
[Date "2001.10.05"]
[Round "7.24"]
[White "Bolt, Graham"]
[Black "May, Frank"]
[Result "1/2-1/2"]
[WhiteElo "2124"]
[BlackElo "2125"]
[PlyCount "103"]
[EventDate "2001.09.29"]
[EventType "swiss"]
[EventRounds "9"]
[EventCountry "IOM"]
[SourceTitle "BritBase"]
[SourceDate "2008.07.14"]
[SourceVersion "1"]
[SourceVersionDate "2008.07.14"]
[SourceQuality "2"]

1. e4 e6 2. d4 d5 3. Nc3 Nf6 4. e5 Nfd7 5. f4 c5 6. Nf3 Nc6 7. Be3 a6 8. Ne2
Qb6 9. Qc1 f6 10. c3 fxe5 11. fxe5 cxd4 12. cxd4 Bb4+ 13. Nc3 O-O 14. Bd3 Rxf3
15. gxf3 Ndxe5 16. dxe5 d4 17. Bf2 dxc3 18. Bxb6 cxb2+ 19. Kf2 bxc1=Q 20. Raxc1
Nxe5 21. Be4 Nd7 22. Bd4 e5 23. Bb2 Bd2 24. Rc2 Bf4 25. Rc7 Nf6 26. Bc1 Rb8 27.
Bxf4 exf4 28. Rhc1 Be6 29. R1c2 Nd5 30. Bxd5 Bxd5 31. Rd2 Bc6 {(=)} 32. Re2 Rd8
33. Ree7 Kh8 34. Ke2 Rg8 35. h4 h6 36. h5 Be8 37. Rxb7 Bxh5 38. Ra7 Be8 39. Kd3
Bc6 40. Kd4 Bxf3 41. Ke5 Be2 42. Kxf4 Bb5 43. Kg4 Kh7 44. Kh5 Be8+ 45. Kg4 Bb5
46. a3 Kh8 47. Re4 Rf8 48. a4 Bd3 49. Ree7 Rg8 50. Red7 Be2+ 51. Kf5 Kh7 52.
Kf4 1/2-1/2

[Event "Monarch Assurance Isle of Man 10th"]
[Site "Port Erin IOM"]
[Date "2001.10.05"]
[Round "7.25"]
[White "Ormsby, Alan"]
[Black "Ellison, D George"]
[Result "1/2-1/2"]
[WhiteElo "1720"]
[BlackElo "2104"]
[PlyCount "80"]
[EventDate "2001.09.29"]
[EventType "swiss"]
[EventRounds "9"]
[EventCountry "IOM"]
[SourceTitle "BritBase"]
[SourceDate "2008.07.14"]
[SourceVersion "1"]
[SourceVersionDate "2008.07.14"]
[SourceQuality "2"]

1. e4 c5 2. Nf3 d6 3. d4 cxd4 4. Nxd4 Nf6 5. Nc3 a6 6. f3 e5 7. Nb3 Be6 8. Be3
Nc6 9. g4 h6 10. Qe2 Na5 11. Nxa5 Qxa5 12. Bd2 Qc7 13. O-O-O O-O-O 14. Be3 d5
15. exd5 Nxd5 16. Nxd5 Rxd5 17. Rxd5 Bxd5 18. Kb1 Qa5 19. c4 Bc6 20. Bg2 Bc5
21. Rd1 Re8 22. Bxc5 Qxc5 23. b3 Qe7 24. Qe3 Rd8 25. Rxd8+ Kxd8 26. Bf1 e4 27.
fxe4 Qxe4+ 28. Qxe4 Bxe4+ 29. Kc1 Bf3 30. h3 Ke7 31. Kd2 Kd6 32. Ke3 Bc6 33. b4
Ke5 34. h4 g6 35. Be2 b6 36. a3 f5 37. gxf5 gxf5 38. c5 f4+ 39. Kf2 bxc5 40.
bxc5 a5 1/2-1/2

[Event "Monarch Assurance Isle of Man 10th"]
[Site "Port Erin IOM"]
[Date "2001.10.05"]
[Round "7.26"]
[White "Stuart, E Leslie"]
[Black "Nicholson, John"]
[Result "1-0"]
[WhiteElo "2039"]
[BlackElo "1865"]
[PlyCount "81"]
[EventDate "2001.09.29"]
[EventType "swiss"]
[EventRounds "9"]
[EventCountry "IOM"]
[SourceTitle "BritBase"]
[SourceDate "2008.07.14"]
[SourceVersion "1"]
[SourceVersionDate "2008.07.14"]
[SourceQuality "2"]

1. e4 c5 2. Nc3 e6 3. Nf3 a6 4. d3 Nc6 5. g3 g6 6. Bg2 Bg7 7. O-O Nge7 8. Be3
d6 9. Qd2 Nd4 10. Ne1 O-O 11. Bh6 f5 12. Bxg7 Kxg7 13. f4 Rb8 14. Nd1 b5 15. c3
Ndc6 16. Nc2 d5 17. exf5 exf5 18. d4 c4 {(=)} 19. Re1 Re8 20. Re2 Qd6 21. Nde3
Be6 22. Rae1 Kf7 23. Rf1 Ng8 24. Ne1 Nf6 25. Nf3 Ne4 26. Qe1 b4 27. Ne5+ Kg7
28. g4 Nf6 29. N3xc4 dxc4 30. Nxc6 Rbc8 31. gxf5 Bxf5 32. Rxe8 Rxe8 33. Ne5 a5
34. Nxc4 Qc7 35. Ne5 bxc3 36. bxc3 Nd7 37. Qg3 Nf6 38. Re1 Re6 39. c4 Rd6 40.
Qe3 Re6 41. d5 1-0

[Event "Monarch Assurance Isle of Man 10th"]
[Site "Port Erin IOM"]
[Date "2001.10.05"]
[Round "7.27"]
[White "Dossett, Chris"]
[Black "Spanton, Tim"]
[Result "0-1"]
[WhiteElo "1768"]
[BlackElo "2051"]
[PlyCount "84"]
[EventDate "2001.09.29"]
[EventType "swiss"]
[EventRounds "9"]
[EventCountry "IOM"]
[SourceTitle "BritBase"]
[SourceDate "2008.07.14"]
[SourceVersion "1"]
[SourceVersionDate "2008.07.14"]
[SourceQuality "2"]

1. e4 c5 2. Nf3 g6 3. d4 cxd4 4. Nxd4 Nc6 5. c4 Bh6 6. Bxh6 Nxh6 7. Nc3 d6 8.
Be2 O-O 9. Nxc6 bxc6 10. Qd2 Ng4 11. h3 Nf6 12. Rd1 Qa5 13. O-O Kg7 14. Bf3 Qe5
15. g4 h5 16. g5 Nh7 17. h4 f6 18. Bg2 fxg5 19. hxg5 Nxg5 20. f4 Qc5+ 21. Kh2
Nh7 22. b3 Bg4 23. Qb2 Kg8 24. Na4 Qa5 25. Rd2 Rac8 26. Qd4 e5 27. Qxd6 Rcd8
28. Qxg6+ Kh8 29. Rxd8 Qxd8 30. Qxc6 Qh4+ 31. Kg1 exf4 32. e5 f3 33. Rxf3 Bxf3
34. Bxf3 Qe1+ 35. Kh2 Qxe5+ 36. Kg2 Rg8+ 37. Kf2 Qd4+ 38. Ke2 Qe5+ 39. Kf2 Qh2+
40. Ke3 Qe5+ 41. Kf2 Re8 42. Kg2 h4 0-1

[Event "Monarch Assurance Isle of Man 10th"]
[Site "Port Erin IOM"]
[Date "2001.10.05"]
[Round "7.28"]
[White "Benson, Paul"]
[Black "Waugh, Jonathon C"]
[Result "1-0"]
[WhiteElo "2046"]
[BlackElo "1672"]
[PlyCount "89"]
[EventDate "2001.09.29"]
[EventType "swiss"]
[EventRounds "9"]
[EventCountry "IOM"]
[SourceTitle "BritBase"]
[SourceDate "2008.07.14"]
[SourceVersion "1"]
[SourceVersionDate "2008.07.14"]
[SourceQuality "2"]

1. e4 c5 2. Nf3 d6 3. d4 cxd4 4. Nxd4 Nf6 5. Nc3 g6 6. f3 Bg7 7. Be3 Nc6 8. Be2
O-O 9. Qd2 a6 10. g4 d5 11. g5 Ne8 12. Nxd5 Nxd4 13. Bxd4 Bxd4 14. Qxd4 e6 15.
Nf6+ Nxf6 16. Qxf6 Qxf6 17. gxf6 e5 18. Bc4 Be6 19. Bxe6 fxe6 20. Rd1 Rxf6 21.
Ke2 Rc8 22. c3 Rf7 23. Rd6 Re7 24. Rhd1 Rcc7 25. R1d3 Kg7 26. b3 Kh6 27. c4 Kg7
28. Rc3 Kf7 29. c5 Re8 30. b4 Rec8 31. Rcd3 Ke7 32. Rb6 Kf7 33. Rdd6 Re8 34.
Ke3 Ree7 35. Kd2 Re8 36. a3 Ree7 37. Kc3 Re8 38. Kc4 Ree7 39. a4 Re8 40. Rd2
Ree7 41. Rd8 Kg7 42. b5 axb5+ 43. axb5 Kf7 44. Rbd6 Kf6 45. b6 1-0

[Event "Monarch Assurance Isle of Man 10th"]
[Site "Port Erin IOM"]
[Date "2001.10.06"]
[Round "8.2"]
[White "Cherniaev, Alexander"]
[Black "Baburin, Alexander"]
[Result "1/2-1/2"]
[WhiteElo "2437"]
[BlackElo "2584"]
[PlyCount "190"]
[EventDate "2001.09.29"]
[EventType "swiss"]
[EventRounds "9"]
[EventCountry "IOM"]
[SourceTitle "BritBase"]
[SourceDate "2008.07.14"]
[SourceVersion "1"]
[SourceVersionDate "2008.07.14"]
[SourceQuality "2"]

1. e4 Nf6 2. Nc3 d5 3. e5 Nfd7 4. d4 c5 5. Nf3 e6 6. dxc5 Nc6 7. Bf4 Bxc5 8.
Bd3 f6 9. exf6 Nxf6 10. O-O O-O 11. Qe2 a6 12. Ne5 Nxe5 13. Bxe5 Bd7 14. Kh1
Qe8 15. Rae1 Qf7 16. f4 Rae8 17. Nd1 Bc6 18. Nf2 Qh5 19. Qxh5 Nxh5 20. Ng4 Nf6
21. h3 Bb5 22. Rf3 Bxd3 23. cxd3 Nxg4 24. hxg4 Rc8 25. Kh2 Bb4 26. Re2 Rc6 27.
Bd4 Be7 28. g5 Bd8 29. Kh3 Bb6 30. Be5 Rfc8 31. Bc3 d4 32. Be1 g6 33. g3 Kf7
34. Kg4 Rc2 35. Rff2 Rxe2 36. Rxe2 Rc1 37. Kf3 a5 38. a3 a4 39. Ke4 Bc5 40. Bf2
Ke7 41. Bxd4 Bxd4 42. Kxd4 Kd6 43. Rh2 Rc7 44. b3 axb3 45. Rb2 Rc5 46. Rxb3 b5
47. Rb4 e5+ 48. Ke4 exf4 49. gxf4 h6 50. gxh6 Rh5 51. d4 Kc6 52. Rb3 Rxh6 53.
d5+ Kc5 54. Rc3+ Kd6 55. Rc6+ Kd7 56. Rb6 Rh3 57. Rxb5 Rxa3 58. Rb7+ Ke8 59.
Rg7 Rg3 60. Ke5 Re3+ 61. Kd6 Ra3 62. Ke6 Re3+ 63. Kf6 Rf3 64. Rxg6 Rxf4+ 65.
Ke6 Re4+ 66. Kd6 Rd4 67. Rg5 Rd1 68. Rh5 Rd2 69. Rh8+ Kf7 70. Ra8 Rd1 71. Ra5
Ke8 72. Ra7 Rd2 73. Rh7 Rd1 74. Rh8+ Kf7 75. Rd8 Ra1 76. Rc8 Rd1 77. Kc6 Ke7
78. Rc7+ Kd8 79. Rd7+ Kc8 80. Ra7 Rc1+ 81. Kd6 Rd1 82. Ra8+ Kb7 83. Rg8 Rd2 84.
Rd8 Rh2 85. Re8 Rd2 86. Rg8 Rd1 87. Rg5 Kc8 88. Rg8+ Kb7 89. Rg3 Rh1 90. Rg7+
Kc8 91. Re7 Ra1 92. Re5 Ra2 93. Ke6 Kc7 94. Ke7 Rd2 95. Ke6 Ra2 {some doubt
about the last 15 moves - only one barely legible score} 1/2-1/2

[Event "Monarch Assurance Isle of Man 10th"]
[Site "Port Erin IOM"]
[Date "2001.10.06"]
[Round "8.3"]
[White "Lalic, Bogdan"]
[Black "Ulibin, Mikhail"]
[Result "1/2-1/2"]
[WhiteElo "2528"]
[BlackElo "2583"]
[PlyCount "23"]
[EventDate "2001.09.29"]
[EventType "swiss"]
[EventRounds "9"]
[EventCountry "IOM"]
[SourceTitle "BritBase"]
[SourceDate "2008.07.14"]
[SourceVersion "1"]
[SourceVersionDate "2008.07.14"]
[SourceQuality "2"]

1. d4 d5 2. c4 c6 3. cxd5 cxd5 4. Nf3 Nc6 5. Nc3 Nf6 6. Bf4 Bf5 7. e3 e6 8. Bd3
Bxd3 9. Qxd3 Bd6 10. Bxd6 Qxd6 11. O-O O-O 12. Rfc1 1/2-1/2

[Event "Monarch Assurance Isle of Man 10th"]
[Site "Port Erin IOM"]
[Date "2001.10.06"]
[Round "8.4"]
[White "Yakovich, Yuri"]
[Black "Hebden, Mark"]
[Result "1/2-1/2"]
[WhiteElo "2577"]
[BlackElo "2559"]
[PlyCount "97"]
[EventDate "2001.09.29"]
[EventType "swiss"]
[EventRounds "9"]
[EventCountry "IOM"]
[SourceTitle "BritBase"]
[SourceDate "2008.07.14"]
[SourceVersion "1"]
[SourceVersionDate "2008.07.14"]
[SourceQuality "2"]

1. d4 Nf6 2. c4 g6 3. Nc3 Bg7 4. e4 d6 5. Be2 O-O 6. Bg5 h6 7. Be3 c5 8. dxc5
Qa5 9. Bd2 Qxc5 10. Nf3 Bg4 11. Be3 Qa5 12. O-O Nc6 13. Nd2 Bxe2 14. Qxe2 Nd7
15. Rac1 Nc5 16. Rfd1 Rfc8 17. a3 Na4 18. Ndb1 Qa6 19. Rc2 Kh7 20. Nd5 e6 21.
Nb4 Qa5 22. b3 Nb6 23. Nxc6 Rxc6 24. Rcd2 Nc8 25. Bd4 a6 26. Qf3 Rc7 27. Bxg7
Kxg7 28. a4 Rc6 29. Nc3 Qe5 30. Qe3 Qc5 31. Qg3 Qg5 32. Qf3 Qe5 33. Ne2 Ne7 34.
Qe3 Rd8 35. f4 Qa5 36. h3 Kg8 37. Kh2 Qc7 38. Nd4 Rc5 39. Qg3 Kh7 40. Rd3 Nc6
41. Nxc6 Qxc6 42. e5 d5 43. Qe3 b5 44. cxd5 Rcxd5 45. Rxd5 Rxd5 46. Rxd5 Qxd5
47. Qa7 Kg7 48. Qxa6 b4 49. a5 1/2-1/2

[Event "Monarch Assurance Isle of Man 10th"]
[Site "Port Erin IOM"]
[Date "2001.10.06"]
[Round "8.5"]
[White "Gleizerov, Evgeny"]
[Black "Shaw, John"]
[Result "1/2-1/2"]
[WhiteElo "2587"]
[BlackElo "2478"]
[PlyCount "69"]
[EventDate "2001.09.29"]
[EventType "swiss"]
[EventRounds "9"]
[EventCountry "IOM"]
[SourceTitle "BritBase"]
[SourceDate "2008.07.14"]
[SourceVersion "1"]
[SourceVersionDate "2008.07.14"]
[SourceQuality "2"]

1. d4 d5 2. c4 c6 3. Nf3 Nf6 4. Nc3 dxc4 5. a4 Bf5 6. e3 e6 7. Bxc4 Bb4 8. O-O
O-O 9. Nh4 Nbd7 10. Nxf5 exf5 11. Bd2 g6 12. Ne4 Bxd2 13. Nxd2 Nb6 14. Bb3 Nbd5
15. Nc4 Qc7 16. Ne5 Rae8 17. Rc1 Re7 18. Re1 Rd8 19. Qc2 Kg7 20. h3 h5 21. Bc4
Qa5 22. Nd3 Ne4 23. f3 Ng5 24. b4 Qc7 25. Bxd5 Rxd5 26. Nf4 Rdd7 27. b5 cxb5
28. Qb2 Qb6 29. axb5 Kh7 30. Rc5 Ne6 31. Nd5 Rxd5 32. Rxd5 Nf4 33. Rc5 Nd3 34.
Qc3 Nxc5 35. Qxc5 1/2-1/2

[Event "Monarch Assurance Isle of Man 10th"]
[Site "Port Erin IOM"]
[Date "2001.10.06"]
[Round "8.6"]
[White "Galkin, Alexander"]
[Black "Collins, Sam IRL"]
[Result "1-0"]
[WhiteElo "2583"]
[BlackElo "2194"]
[PlyCount "89"]
[EventDate "2001.09.29"]
[EventType "swiss"]
[EventRounds "9"]
[EventCountry "IOM"]
[SourceTitle "BritBase"]
[SourceDate "2008.07.14"]
[SourceVersion "1"]
[SourceVersionDate "2008.07.14"]
[SourceQuality "2"]

1. e4 c5 2. Ne2 e6 3. d4 cxd4 4. Nxd4 Nf6 5. Nc3 d6 6. g4 h6 7. h3 Nc6 8. Be3
a6 9. Bg2 Qc7 10. f4 Nxd4 11. Qxd4 e5 12. Qd2 exf4 13. Bxf4 Be6 14. O-O-O Rd8
15. Nd5 Bxd5 16. exd5 Be7 17. Qe2 O-O 18. h4 Qd7 19. g5 Qg4 20. Qf2 Nh5 21. Be3
Qg3 22. Qd2 g6 23. Rdf1 Rde8 24. Bf3 Bd8 25. Kb1 Ba5 26. Qd3 Nf4 27. Qa3 Bb4
28. Qb3 Bc5 29. Bxc5 dxc5 30. gxh6 Ne2 31. Qd3 Nd4 32. Rhg1 Qe5 33. Rg5 Nf5 34.
Bg4 Kh7 35. b4 c4 36. Qxc4 Ne3 37. Rxe5 Nxc4 38. Rxe8 Rxe8 39. Rxf7+ Kxh6 40.
c3 Re1+ 41. Kc2 Rh1 42. Be2 Ne3+ 43. Kd3 Nf5 44. Rxb7 Rxh4 45. Rb6 1-0

[Event "Monarch Assurance Isle of Man 10th"]
[Site "Port Erin IOM"]
[Date "2001.10.06"]
[Round "8.8"]
[White "Afek, Yochanan"]
[Black "Brodsky, Michail"]
[Result "0-1"]
[WhiteElo "2381"]
[BlackElo "2528"]
[PlyCount "150"]
[EventDate "2001.09.29"]
[EventType "swiss"]
[EventRounds "9"]
[EventCountry "IOM"]
[SourceTitle "BritBase"]
[SourceDate "2008.07.14"]
[SourceVersion "1"]
[SourceVersionDate "2008.07.14"]
[SourceQuality "2"]

1. e4 c5 2. c3 Nf6 3. e5 Nd5 4. Nf3 Nc6 5. Bc4 Nb6 6. Bb3 d5 7. exd6 c4 8. Bc2
e5 9. O-O Bxd6 10. d4 cxd3 11. Qxd3 h6 12. Nbd2 Be6 13. Nh4 Bf8 14. Qg3 Qg5 15.
Re1 Qxg3 16. hxg3 O-O-O 17. Ndf3 g5 18. Nf5 f6 19. Be3 Nc4 20. b3 Nd6 21. Nxd6+
Bxd6 22. Rad1 Kc7 23. Nd2 b6 24. f3 f5 25. f4 e4 26. Nf1 g4 27. Re2 Be7 28.
Red2 h5 29. Rxd8 Bxd8 30. Kf2 Bf6 31. c4 Be7 32. Ke2 a5 33. Bf2 a4 34. Ne3 Nb4
35. Bb1 axb3 36. axb3 Ra8 37. Be1 Ra3 38. Bxb4 Bxb4 39. Bc2 Ra2 40. Rc1 Kc6 41.
Rd1 b5 42. Rc1 bxc4 43. bxc4 Kc5 44. Kd1 Kd4 45. Ke2 Ba3 46. Rb1 Bxc4+ 47. Kd2
Bd3 48. Nxf5+ Kc5 49. Ne3 Bb4+ 50. Kd1 Bc3 51. Rc1 Bb2 52. Rb1 Kd4 53. Nf5+ Kc3
54. Ne3 Kd4 55. Nf5+ Kc3 56. Ne3 Ra5 57. Bxd3 exd3 58. Ke1 Kd4 59. Nf5+ Kc3 60.
Ne3 Kd4 61. Nf5+ Rxf5 62. Rxb2 Kc3 63. Rb8 Rc5 64. Kd1 Kd4 65. Ra8 Ke3 66. Re8+
Kf2 67. Re5 Rc4 68. Rxh5 Kxg3 69. f5 Kxg2 70. Kd2 Rd4 71. f6 Rf4 72. Rh6 Rf3
73. Rg6 Kh3 74. Ke1 g3 75. Kd2 g2 0-1

[Event "Monarch Assurance Isle of Man 10th"]
[Site "Port Erin IOM"]
[Date "2001.10.06"]
[Round "8.10"]
[White "Flear, Glenn"]
[Black "McNab, Colin"]
[Result "1/2-1/2"]
[WhiteElo "2489"]
[BlackElo "2437"]
[PlyCount "145"]
[EventDate "2001.09.29"]
[EventType "swiss"]
[EventRounds "9"]
[EventCountry "IOM"]
[SourceTitle "BritBase"]
[SourceDate "2008.07.14"]
[SourceVersion "1"]
[SourceVersionDate "2008.07.14"]
[SourceQuality "2"]

1. d4 d6 2. e4 Nf6 3. Nc3 g6 4. Be3 Bg7 5. Qd2 c6 6. Nf3 Qa5 7. h3 Nbd7 8. Bd3
O-O 9. O-O e5 10. Rad1 Re8 11. Rfe1 b5 12. a3 a6 13. dxe5 dxe5 14. Nd5 Qxd2 15.
Nxf6+ Bxf6 16. Nxd2 Be7 17. Nb3 a5 18. Be2 a4 19. Nc1 Nc5 20. Bxc5 Bxc5 21. Bg4
Bxg4 22. hxg4 Rad8 23. Kf1 Kf8 24. c3 Rxd1 25. Rxd1 Ke7 26. Ke2 Rh8 27. Nd3 Bd6
28. Rc1 h5 29. gxh5 Rxh5 30. c4 Rh8 31. cxb5 cxb5 32. Rc6 f5 33. f3 Kd7 34. Rb6
Rb8 35. Nc5+ Kc7 36. Rxb8 Kxb8 37. Nd7+ Kc7 38. Nf6 Bc5 39. Nd5+ Kc6 40. Kd3
fxe4+ 41. fxe4 Bd4 42. Kc2 Kd6 43. b3 axb3+ 44. Kxb3 Bc5 45. a4 bxa4+ 46. Kxa4
Kc6 47. Kb3 Kd6 48. Kc4 Bf2 49. Kb5 Bd4 50. Nb6 Ke6 51. Nd5 Kf7 52. Kc4 Kg7 53.
Kd3 Kh6 54. Ke2 Kg5 55. Kf3 Bb2 56. Kg3 Bc1 57. Nb4 Bb2 58. Nd3 Bc3 59. Kh3 Bd4
60. g3 Bc3 61. Nf2 Bd4 62. Ng4 Bb2 63. Nh2 Bc1 64. Nf3+ Kf6 65. Kg2 Be3 66. Kf1
Bc5 67. Ke2 Ke6 68. Kd3 Bf2 69. g4 Bg3 70. Kc4 Bf2 71. Kb5 Kd6 72. Nd2 Bd4 73.
Nf3 1/2-1/2

[Event "Monarch Assurance Isle of Man 10th"]
[Site "Port Erin IOM"]
[Date "2001.10.06"]
[Round "8.11"]
[White "Hanley, Craig A"]
[Black "Bisby, Daniel"]
[Result "1-0"]
[WhiteElo "2278"]
[BlackElo "2285"]
[PlyCount "131"]
[EventDate "2001.09.29"]
[EventType "swiss"]
[EventRounds "9"]
[EventCountry "IOM"]
[SourceTitle "BritBase"]
[SourceDate "2008.07.14"]
[SourceVersion "1"]
[SourceVersionDate "2008.07.14"]
[SourceQuality "2"]

1. c4 e6 2. Nc3 d5 3. cxd5 exd5 4. d4 Be7 5. Qc2 Nf6 6. Bg5 O-O 7. e3 c6 8. Bd3
Nbd7 9. Nge2 Re8 10. O-O Nf8 11. f3 Be6 12. Rad1 Rc8 13. e4 dxe4 14. fxe4 Ng4
15. Bxe7 Rxe7 16. Qd2 c5 17. d5 Bd7 18. d6 Re8 19. Nd5 Bc6 20. Ne7+ Rxe7 21.
dxe7 Qxe7 22. Nc3 Qe5 23. Qf4 Qxf4 24. Rxf4 Ne5 25. Bb5 Ne6 26. Rf5 f6 27. Bxc6
Rxc6 28. Rd5 Nd4 29. Rf2 Rc8 30. h3 b6 31. a4 Re8 32. a5 Re7 33. axb6 axb6 34.
Rd8+ Kf7 35. Rb8 Nc4 36. Nd5 Rxe4 37. Rb7+ Kg6 38. b3 Nxb3 {(=)} 39. Rf3 Nd4
40. Rg3+ Kf5 41. Rgxg7 Re1+ 42. Kh2 Nd2 43. h4 Nf1+ 44. Kh3 Ne2 45. g4+ Ke4 46.
Kg2 Kxd5 47. Kf2 Rb1 48. Kxe2 Ng3+ 49. Kd2 Ne4+ 50. Kc2 Rb4 51. Rxh7 Rc4+ 52.
Kb3 Rb4+ 53. Kc2 Rc4+ 54. Kd3 Nf2+ 55. Ke2 Nxg4 56. Rxb6 Re4+ 57. Kd2 Rf4 58.
h5 Kc4 59. Rg7 Nh6 60. Rg6 Nf5 61. Rbxf6 Rd4+ 62. Ke2 Ne7 63. Rg5 Nd5 64. Rff5
Nc3+ 65. Kf3 Ne4 66. Rg4 1-0